00395nam a2200121Ia 4500008004100000245013400041260001700175260000900192300000800201650002300209650001200232856002900244170516s9999 xx 000 0 und d aSerum Fucosylated Prostate-specific Antigen (PSA) Improves the Differentiation of Aggressive from Non-aggressive Prostate Cancers bTheranostics c2015 a5:3 xMedical Technology xMedtech uhttp://www.thno.org/v5i3